00726nam a2200193 a 450000100100000000500170001000800410002704000250006808200150009310000240010824500320013226000500016430000230021449000220023783000290025995201130028895201140040199900170051500003673420200930075914.0120126s1968 sp 000 0 spa d aDO-SdBNPbspacBNPHU axxxxbO51w1 aOlmo, D. del92563510aWashington. /cD. del Olmo. aBarcelona :bEditorial Ramón Sopena,c1968. a[159 P.] ;c19 cm.1 aBiblioteca Sopena 0aBiblioteca Sopena912815 001050718MOaGRbGRcCTd2012-01-26iLF1l0oxxxx O51wp36734-10r2020-06-25w2020-06-25y1ZNo se presta 0010507-18MOaGRbGRcOId2012-01-26iLF1l0oxxxx O51wp36735-10r2020-06-25w2020-06-25y1ZNo se presta c36225d36225